Pays ayant accueilli plusieurs Jeux olympiques d'été - Statistiques

Statistiques générales
  • Ce quiz a été pris 59 fois
  • Le résultat moyen est 7 sur 7
Statistiques - réponses
Nombre d'éditions Années Pays % Correct
3 1900; 1924; 2024 France
100%
4 1904; 1932; 1984; 1996 États-Unis
98%
3 1908; 1948; 2012 Royaume-Uni
98%
2 1964; 2020 Japon
96%
2 1936; 1972 Allemagne
93%
2 1956; 2000 Australie
89%
2 1896; 2004 Grèce
84%
Aucun quiz correspondant
Distribution des résultats
% des personnes avec chaque résultat
Percentile par nombre de réponses
Votre historique - résultats
Vous n’avez pas pris ce quiz